000 00546nam a22002177a 4500
003 UA-OsUOA
001 38273
007 ta
008 20060503b un ||||| |||| 00| 0 ukr d
100 _aГрецький Михайло
090 _a32
_bГ11
942 _cSA
040 _aUA-OsUOA
_bukr
_cUA-OsUOA
_dUA-OsUOA
245 _aЯк чиновники намагаються вижити чорнобильців
300 _a4 с.
955 _a0
041 _aukr
080 _a32
773 0 _w38271
650 7 _a32 Політика
_2UDC
999 _c324442
_d324442